[Event "SVK-chT4 A21 1617"]
[Site "Slovakia"]
[Date "2017.02.12"]
[Round "9.5"]
[White "Bendzela, Tibor"]
[Black "Fajtakova, Silvia"]
[Result "1-0"]
[WhiteElo "1675"]
[BlackElo "1281"]
[PlyCount "43"]
[EventDate "2016.10.09"]
[EventType "team-tourn"]
[EventRounds "11"]
[EventCountry "SVK"]
[SourceTitle "EXT 2020"]
[Source "ChessBase"]
[SourceDate "2019.10.17"]
[SourceVersion "1"]
[SourceVersionDate "2019.10.17"]
[SourceQuality "1"]
[WhiteTeam "Senica II"]
[BlackTeam "Stefanov"]
[WhiteTeamCountry "SVK"]
[BlackTeamCountry "SVK"]

1. e4 e5 2. d4 exd4 3. Qxd4 Nc6 4. Qe3 b6 5. Nc3 Bc5 6. Qf4 Nd4 7. Bd3 Ne6 8. Qg3 h6 9. Bd2 Ne7 10. 0-0-0 0-0 11. Bxh6 Ng6 12. Bd2 a5 13. f4 Nd4 14. h4 Ba6 15. Bxa6 Rxa6 16. h5 Nc6 17. hxg6 Bxg1 18. Rdxg1 Qb8 19. f5 b5 20. Rh8+ Kxh8 21. Qh3+ Kg8 22. Qh7# 1-0

[Event "SVK-chT4A21 1213"]
[Site "Slovakia"]
[Date "2012.10.28"]
[Round "2.5"]
[White "Galik, Martin"]
[Black "Bendzela, Tibor"]
[Result "0-1"]
[WhiteElo "1323"]
[BlackElo "1459"]
[PlyCount "104"]
[EventDate "2012.10.14"]
[EventType "team-tourn"]
[EventRounds "11"]
[EventCountry "SVK"]
[SourceTitle "EXT 2022"]
[Source "ChessBase"]
[SourceDate "2021.10.06"]
[SourceVersion "1"]
[SourceVersionDate "2021.10.06"]
[SourceQuality "1"]
[WhiteTeam "Brezova CVC"]
[BlackTeam "Senica Dragon"]
[WhiteTeamCountry "SVK"]
[BlackTeamCountry "SVK"]

1. e4 d5 2. exd5 Qxd5 3. Nc3 Qd8 4. d4 Nf6 5. Bc4 Bf5 6. Nge2 e6 7. Bf4 c6 8. a3 Be7 9. Be5 Nbd7 10. Nf4 0-0 11. f3 b5 12. Bb3 a5 13. g4 a4 14. Ba2 Bg6 15. Nxg6 hxg6 16. g5 Nh5 17. f4 Nxe5 18. dxe5 Qxd1+ 19. Rxd1 Nxf4 20. Ne4 Rad8 21. h4 Rxd1+ 22. Kxd1 Rd8+ 23. Kc1 b4 24. axb4 Bxb4 25. c3 Be7 26. Bc4 Nd3+ 27. Bxd3 Rxd3 28. Nf2 Re3 29. Ng4 Rg3 30. Nf2 a3 31. bxa3 Bxa3+ 32. Kd1 Rxc3 33. Kd2 Bb4 34. Rb1 Rc4+ 35. Kd3 Rxh4 36. Rc1 c5 37. Ne4 Rh3+ 38. Ke2 Rh2+ 39. Ke3 Rg2 40. Kf3 Ra2 41. Nxc5 Ra3+ 42. Ke4 f5+ 43. exf6 Bxc5 44. Rxc5 gxf6 45. gxf6 Kf7 46. Ke5 Re3+ 47. Kf4 Re1 48. Re5 Rf1+ 49. Kg5 Rf5+ 50. Rxf5 gxf5 51. Kf4 Kxf6 52. Ke3 e5 0-1